| 000 | 00000nam##2200000za#4500 |
| 001 | 9.569610 |
| 003 | CaOODSP |
| 005 | 20210624181841 |
| 007 | cr ||||||||||| |
| 008 | 150406|2001||||xxc|||||o f|0| 0 eng|d |
| 040 | |aCaOODSP|beng |
| 043 | |an-cn--- |
| 086 | 1 |aNH18-1/109-2001E-PDF |
| 110 | 2 |aCanada Mortgage and Housing Corporation. |
| 245 | 10|aAir leakage characteristics, test methods and specifications for large buildings : |h[electronic resource]|breport / |cprepared by Gary Proskiw and Bert Phillips. |
| 260 | |aOttawa - Ontario : |bCanada Mortgage and Housing Corporation |c2001. |
| 300 | |a84p.|bfigs., graphs, references, tables |
| 490 | 1 |aResearch report |
| 546 | |a(Résumé en français.) |
| 590 | |a12-27-Supp|b2012-06-12 |
| 720 | 1 |aPhillips, Bert |
| 720 | 1 |aProskiw, Gary |
| 830 | #0|aResearch report (Canada Mortgage and Housing Corporation : Online)|w(CaOODSP)9.506068 |
| 856 | 40|ahttp://publications.gc.ca|qPDF|s795 KB|uhttps://publications.gc.ca/collections/collection_2011/schl-cmhc/nh18-1/NH18-1-109-2001-eng.pdf |